| 000 -LEADER |
| fixed length control field |
00920nam a2200241Ia 4500 |
| 001 - CONTROL NUMBER |
| control field |
632 |
| 003 - CONTROL NUMBER IDENTIFIER |
| control field |
GE_BSU |
| 008 - FIXED-LENGTH DATA ELEMENTS--GENERAL INFORMATION |
| fixed length control field |
181216s||||||||xx |||||||||||||| ||und|| |
| 020 ## - INTERNATIONAL STANDARD BOOK NUMBER |
| International Standard Book Number |
9994087770 |
| 040 ## - CATALOGING SOURCE |
| Transcribing agency |
GE_BSU |
| 100 ## - MAIN ENTRY--PERSONAL NAME |
| Personal name |
ლაგაზიძე,ხათუნა |
| 245 ## - TITLE STATEMENT |
| Title |
სახელმწიფო მართვის თეორიის საკითხები. |
| 245 ## - TITLE STATEMENT |
| Remainder of title |
ლექციების კურსი |
| 245 ## - TITLE STATEMENT |
| Statement of responsibility, etc. |
რედ:რეხვიაშვილი,ი |
| 260 ## - PUBLICATION, DISTRIBUTION, ETC. |
| Place of publication, distribution, etc. |
თბილისი |
| 260 ## - PUBLICATION, DISTRIBUTION, ETC. |
| Name of publisher, distributor, etc. |
გრიგოლ რობაქიძის სახ. უნ-ტის გამ-ბა |
| 260 ## - PUBLICATION, DISTRIBUTION, ETC. |
| Date of publication, distribution, etc. |
2006 |
| 300 ## - PHYSICAL DESCRIPTION |
| Extent |
199 გვ. |
| 653 ## - INDEX TERM--UNCONTROLLED |
| Uncontrolled term |
სახელმწიფო მართვა |
| 653 ## - INDEX TERM--UNCONTROLLED |
| Uncontrolled term |
სახელმწიფო მართვის თეორიის საკითხები. |
| 942 ## - ADDED ENTRY ELEMENTS (KOHA) |
| Koha item type |
წიგნი |